UBT Library

Imperialism, the highest stage of capitalism; (Record no. 43194)

000 -LEADER
fixed length control field 00675cam a22002291 4500
001 - CONTROL NUMBER
control field 5972979
005 - DATE AND TIME OF LATEST TRANSACTION
control field 20180222080002.0
008 - FIXED-LENGTH DATA ELEMENTS--GENERAL INFORMATION
fixed length control field 720107s1939 nyu 000 0 eng
010 ## - LIBRARY OF CONGRESS CONTROL NUMBER
LC control number 40004768
020 ## - INTERNATIONAL STANDARD BOOK NUMBER
International Standard Book Number 0717800989
035 ## - SYSTEM CONTROL NUMBER
System control number (OCoLC)192388
040 ## - CATALOGING SOURCE
Original cataloging agency DLC
Transcribing agency OKentU
Modifying agency OCoLC
-- IaFairM
-- OCoLC
-- RUn
-- DLC
041 1# - LANGUAGE CODE
Language code of text/sound track or separate title eng
080 ## - UNIVERSAL DECIMAL CLASSIFICATION NUMBER
Universal Decimal Classification number 330.15 LEN
082 ## - DEWEY DECIMAL CLASSIFICATION NUMBER
Classification number 330.15 LEN
100 1# - Rafti
Rafti 52
101 ## - Shkurtesa
Shkurtesa EKO
240 00 - UNIFORM TITLE
Uniform title <a href="Imperializm, kak noveĭshiĭ ėtap kapitalizma.">Imperializm, kak noveĭshiĭ ėtap kapitalizma.</a>
Language of a work English
245 10 - TITLE STATEMENT
Title Imperialism, the highest stage of capitalism;
Statement of responsibility, etc [by] V.I. Lenin.
906 ## - LOCAL DATA ELEMENT F, LDF (RLIN)
a 7
b cbc
c oclcrpl
d u
e ncip
f 19
g y-gencatlg
942 ## - ADDED ENTRY ELEMENTS (KOHA)
Source of classification or shelving scheme
Item type Books
Holdings
Withdrawn status Lost status Source of classification or shelving scheme Damaged status Not for loan Collection code Permanent location Current location Shelving location Date acquired Total Checkouts Full call number Barcode Date last seen Price effective from Koha item type
          Koleksioni i përgjithshem UBT - Lipjan UBT - Lipjan Koleksioni i përgjithshem 02/22/2018   330.15 LEN 002-2999891 02/22/2018 02/22/2018 Books
UBT Library © 2015-2024. All rights reserved University Education for Business and Technology